Therapeutic Exercise: Foundations and Techniques (Record no. 5058)

000 -LEADER
fixed length control field 01780nam a2200421 i 4500
003 - CONTROL NUMBER IDENTIFIER
control field OSt
005 - DATE AND TIME OF LATEST TRANSACTION
control field 20220403202711.0
008 - FIXED-LENGTH DATA ELEMENTS--GENERAL INFORMATION
fixed length control field 180101s2018||||nyu|||||s|||||||||||eng||
020 ## - INTERNATIONAL STANDARD BOOK NUMBER
International Standard Book Number 0803658508 (printISBN)
020 ## - INTERNATIONAL STANDARD BOOK NUMBER
International Standard Book Number 9780803658509 (printISBN)
040 ## - CATALOGING SOURCE
Transcribing agency Alupe University
050 #4 - LIBRARY OF CONGRESS CALL NUMBER
Classification number RM725
Item number K57 2018
060 10 - NATIONAL LIBRARY OF MEDICINE CALL NUMBER
Classification number WB 541
100 ## - MAIN ENTRY--PERSONAL NAME
Personal name Carolyn Kisner (ed) et al
245 10 - TITLE STATEMENT
Title Therapeutic Exercise: Foundations and Techniques
Statement of responsibility, etc. Carolyn Kisner, Lynn Allen Colby, John Borstad.
250 ## - EDITION STATEMENT
Edition statement 7th ed.
264 #1 - PRODUCTION, PUBLICATION, DISTRIBUTION, MANUFACTURE, AND COPYRIGHT NOTICE
Place of production, publication, distribution, manufacture New York, N.Y. :
Name of producer, publisher, distributor, manufacturer McGraw-Hill Education LLC.,
Date of production, publication, distribution, manufacture, or copyright notice [2018]
300 ## - PHYSICAL DESCRIPTION
Extent 1 online resource (xxxiv, 1,081 pages) :
Other physical details illustrations, figs., tables;
336 ## - CONTENT TYPE
Content type term text
Content type code txt
Source rdacontent.
337 ## - MEDIA TYPE
Media type term computer
Media type code c
Source rdamedia.
338 ## - CARRIER TYPE
Carrier type term online resource
Carrier type code cr
Source rdacarrier.
504 ## - BIBLIOGRAPHY, ETC. NOTE
Bibliography, etc. note Includes bibliographical references and indexes.
506 ## - RESTRICTIONS ON ACCESS NOTE
Terms governing access Access restricted to University of Saskatchewan students, faculty, and staff.
588 ## - SOURCE OF DESCRIPTION NOTE
Source of description note Description based on cover image and table of contents, viewed on Oct. 11, 2018.
650 #0 - SUBJECT ADDED ENTRY--TOPICAL TERM
Topical term or geographic name entry element Exercise therapy
Form subdivision Handbooks, manuals, etc.
650 #0 - SUBJECT ADDED ENTRY--TOPICAL TERM
Topical term or geographic name entry element Exercise therapy
General subdivision Methods.
650 #0 - SUBJECT ADDED ENTRY--TOPICAL TERM
Topical term or geographic name entry element Exercise therapy.
650 #0 - SUBJECT ADDED ENTRY--TOPICAL TERM
Topical term or geographic name entry element Therapeutics, Physiological.
650 12 - SUBJECT ADDED ENTRY--TOPICAL TERM
Topical term or geographic name entry element Exercise Therapy/methods.
700 1# - ADDED ENTRY--PERSONAL NAME
Personal name Borstad, John,
Relator term editor.
700 1# - ADDED ENTRY--PERSONAL NAME
Personal name Colby, Lynn Allen,
Relator term editor.
700 1# - ADDED ENTRY--PERSONAL NAME
Personal name Kisner, Carolyn,
Relator term editor.
710 2# - ADDED ENTRY--CORPORATE NAME
Corporate name or jurisdiction name as entry element McGraw-Hill Medical (Firm)
776 08 - ADDITIONAL PHYSICAL FORM ENTRY
Relationship information Online version:
Title Therapeutic Exercise: Foundations and Techniques.
Edition Seventh edition.
Place, publisher, and date of publication New York, N.Y. : McGraw-Hill Education LLC.,
Qualifying information 2018.
Record control number (OCoLC)995005660.
856 40 - ELECTRONIC LOCATION AND ACCESS
Uniform Resource Identifier http://172.30.46.200/cgi-bin/koha/opac-retrieve-file.pl?id=81903c3b8b0b59352c3d1d5eb698a427
907 ## - LOCAL DATA ELEMENT G, LDG (RLIN)
a .b45477450
942 ## - ADDED ENTRY ELEMENTS (KOHA)
Source of classification or shelving scheme
Koha item type e-book
Suppress in OPAC MW
Holdings
Withdrawn status Lost status Source of classification or shelving scheme Damaged status Not for loan Permanent Location Current Location Shelving location Date acquired Total Checkouts Full call number Date last seen Price effective from Koha item type Public note
          AU LIBRARY AU LIBRARY Virtual Library 03.04.2022   RM725 K57 2018 03.04.2022 03.04.2022 e-book MW

Powered by Koha